<?xml version="1.0" encoding="UTF-8"?>
<marc:record xmlns:marc="http://www.loc.gov/MARC21/slim">
   <marc:leader>00000nam a2200000 a 4500</marc:leader>
   <marc:datafield ind1="1" ind2=" " tag="100">
      <marc:subfield code="a">Martin, George R. R.</marc:subfield>
      <marc:subfield code="4">aut</marc:subfield>
      <marc:subfield code="e">Verfasser/-in</marc:subfield>
   </marc:datafield>
   <marc:datafield ind1=" " ind2=" " tag="653">
      <marc:subfield code="a">Fantasy / Roman</marc:subfield>
   </marc:datafield>
   <marc:datafield ind1="0" ind2="0" tag="245">
      <marc:subfield code="a">Das Lied von Eis und Feuer : Die dunkle Königin</marc:subfield>
   </marc:datafield>
   <marc:datafield ind1="0" ind2="0" tag="245">
      <marc:subfield code="c">Martin, George R. R.</marc:subfield>
   </marc:datafield>
   <marc:datafield ind1=" " ind2="1" tag="264">
      <marc:subfield code="c">2012</marc:subfield>
   </marc:datafield>
   <marc:datafield ind1="1" ind2=" " tag="490">
      <marc:subfield code="a">Das Lied von Eis und Feuer</marc:subfield>
      <marc:subfield code="v">Bd. 8</marc:subfield>
   </marc:datafield>
   <marc:datafield ind1=" " ind2=" " tag="250">
      <marc:subfield code="a">1.</marc:subfield>
   </marc:datafield>
   <marc:datafield ind1="1" ind2=" " tag="520">
      <marc:subfield code="a">Die Lage in Westeros stabilisiert sich, ein endgültiger Sieg der herrschenden Lennisters ist in greifbare Nähe gerückt. Alljährlich kehren Gesetz und Ordnung in weite Teile des vom Krieg verwüsteten Landes zurück. Doch die Königin Regentin Cersei findet keine Ruhe. Nach dem tragischen Verlust ihres erstgeborenen Sohnes und der Hochzeit ihres zweitgeborenen, des Kindkönigs Tommen, mit der ungeliebten Margaery Tyrell drehen sich ihre Gedanken nur noch um die Frage, wie sie der künftigen Königin eine Falle stellen kann, um deren Regentschaft zu verhindern.&#xD;
Während sie bei Hof ihre Intrigen spinnt, beginnt es im Süden erneut zu brodeln, und die Eisennmänner holen zu einem vernichtenden Schlag gegen das Reich aus. Cersei verliert zunehmend die Fähigkeit, zwischen Freund und Feind zu unterscheiden: So verleiht sie den Predigern des wieder erwachten Glaubens große Macht und übersieht dabei, wie leicht die gesponnenen Ränke sich gegen sie selbst richten könnten ...</marc:subfield>
   </marc:datafield>
   <marc:datafield ind1=" " ind2=" " tag="020">
      <marc:subfield code="a">9783442268603</marc:subfield>
      <marc:subfield code="9">9783442268603</marc:subfield>
   </marc:datafield>
   <marc:datafield ind1=" " ind2=" " tag="020">
      <marc:subfield code="a">3442268605</marc:subfield>
      <marc:subfield code="9">3442268605</marc:subfield>
   </marc:datafield>
   <marc:datafield ind1=" " ind2=" " tag="041">
      <marc:subfield code="a">ger</marc:subfield>
   </marc:datafield>
   <marc:datafield ind1="0" ind2=" " tag="490">
      <marc:subfield code="v">Bd. 8</marc:subfield>
   </marc:datafield>
   <marc:datafield ind1=" " ind2=" " tag="338">
      <marc:subfield code="a">Band</marc:subfield>
   </marc:datafield>
   <marc:datafield ind1=" " ind2=" " tag="300">
      <marc:subfield code="a">608 S.</marc:subfield>
   </marc:datafield>
</marc:record>
